Útěcha z filosofie /

Gespeichert in:
Bibliographische Detailangaben
1. Verfasser: Rádl, Emanuel (Verfasst von)
Format: Buch
Sprache:Tschechisch
Veröffentlicht: Praha : Svoboda, 1994
Ausgabe:6.vyd.
Schlagworte:
Tags: Tag hinzufügen
Keine Tags, Fügen Sie das erste Tag hinzu!

MARC

LEADER 00000nam a22000003a 4500
001 stu7121
005 20150617225809.2
008 941121s1994----xr------------------cze-d
020 |a 80-205-0399-4 
040 |a STU  |b slo 
041 0 |a cze 
044 |a xr 
080 |a 101 
100 1 |a Rádl, Emanuel  |4 aut 
245 1 |a Útěcha z filosofie /  |c [aut.] Rádl,Emanuel 
250 |a 6.vyd. 
260 |a Praha :  |b Svoboda,  |c 1994 
300 |a 90 s 
650 7 |a filozofia  |2 stusub 
996 |b E79314  |c R*79314  |l RRUM  |s A  |a 24  |w stu7121_0001